Estudios de derecho concursal en homenaje a Guillermo Mosso (Registro nro. 3424)

Detalles MARC
000 -LEADER
fixed length control field 01255 a2200277 4500
001 - CONTROL NUMBER
control field 41211
005 - DATE AND TIME OF LATEST TRANSACTION
control field 20260407155706.0
008 - FIXED-LENGTH DATA ELEMENTS--GENERAL INFORMATION
fixed length control field 260407a2003 arg spa d
003 - CONTROL NUMBER IDENTIFIER
control field AR-UNSa-BCEJYS
040 ## - CATALOGING SOURCE
Original cataloging agency AR-UNSa-BCEJYS
Language of cataloging spa
Transcribing agency AR-UNSa-BCEJYS
080 ## - UNIVERSAL DECIMAL CLASSIFICATION NUMBER
Universal Decimal Classification number 347.736
Common auxiliary subdivision Quiebra. Insolvencia. Suspensión de pagos. Bancarrota, procedimientos. Derecho Concursal
020 ## - INTERNATIONAL STANDARD BOOK NUMBER
International Standard Book Number 950-894-392-0
041 ## - LANGUAGE CODE
Language code of text/sound track or separate title spa
100 1# - MAIN ENTRY--PERSONAL NAME
Personal name Truffat, Edgardo Daniel
245 10 - TITLE STATEMENT
Title Estudios de derecho concursal en homenaje a Guillermo Mosso
264 #1 - PRODUCTION, PUBLICATION, DISTRIBUTION, MANUFACTURE, AND COPYRIGHT NOTICE
Place of production, publication, distribution, manufacture Buenos Aires :
Name of producer, publisher, distributor, manufacturer AD-HOC
Date of production, publication, distribution, manufacture, or copyright notice 2003
300 ## - PHYSICAL DESCRIPTION
Extent 108 p.
Dimensions 23 cm.
505 ## - FORMATTED CONTENTS NOTE
Formatted contents note 1. Categorización de acreedores en el concurso preventivo: el estado de las cosas - 2. Algunas consideraciones sobre la así llamada "propuesta unificada" (art. 67, L.C.Q.) - 3. El pedido de quiebra instado por el acreedor privilegiado no comprendido en el acuerdo preventivo - 4. El desapoderamiento y el bien de familia en la quiebra
590 ## - LOCAL NOTE (RLIN)
Local note niveau_biblio:m niveau_hierar:0
700 1# - ADDED ENTRY--PERSONAL NAME
Personal name Vaiser, Lidia
700 1# - ADDED ENTRY--PERSONAL NAME
Personal name Barreiro, Marcelo G.
700 1# - ADDED ENTRY--PERSONAL NAME
Personal name Lorente, Javier A.
700 1# - ADDED ENTRY--PERSONAL NAME
Personal name Kuyumdjian, Bautista
856 41 - ELECTRONIC LOCATION AND ACCESS
Uniform Resource Identifier <a href="https://biblioeco.unsa.edu.ar/pmb/images/libros/L126443.jpg">https://biblioeco.unsa.edu.ar/pmb/images/libros/L126443.jpg</a>
Link text Imagen de portada
Electronic format type image/jpeg
942 ## - ADDED ENTRY ELEMENTS (KOHA)
Koha item type
Existencias
Withdrawn status Lost status Damaged status Not for loan Home library Current library Shelving location Date acquired Total checkouts Full call number Barcode Date last seen Price effective from Koha item type
        Biblioteca Prof. Eusebio Cleto del Rey Biblioteca Prof. Eusebio Cleto del Rey   07/04/2026   347.736 E82 L126443 07/04/2026 07/04/2026 Libro